Aktuálne otázky bezpečnosti práce : 12. konferencia s medzinárodnou účasťou pri príležitosti 45. výročia vzniku Výskumného ústavu bezpečnosti práce /
Uložené v:
| Médium: | Kniha |
|---|---|
| Vydavateľské údaje: |
Bratislava :
Výskumný a vzdelávací ústav bezpečnosti práce,
1999
|
| Predmet: | |
| Tagy: |
Žiadne tagy, Buďte prvý, kto otaguje tento záznam!
|
MARC
| LEADER | 00000nam a22000003a 4500 | ||
|---|---|---|---|
| 001 | stu51854 | ||
| 005 | 20150408162239.1 | ||
| 008 | 000201s1999----xo----------------------d | ||
| 040 | |a STU |b slo | ||
| 041 | 0 | ||
| 044 | |a xo | ||
| 080 | |a 331.823(082) |7 A000000400 | ||
| 245 | |a Aktuálne otázky bezpečnosti práce : |b 12. konferencia s medzinárodnou účasťou pri príležitosti 45. výročia vzniku Výskumného ústavu bezpečnosti práce / |c Stará Lesná, 8.-10.november 1999 | ||
| 260 | |a Bratislava : |b Výskumný a vzdelávací ústav bezpečnosti práce, |c 1999 | ||
| 300 | |a 178 s | ||
| 650 | 7 | |a BOZ |2 stusub | |
| 996 | |b MZ 1545 |c M*Z-1545 |l MMKN |s A |a 24 |w stu51854_0001 | ||